| 000 | 00360nam a2200133 i 4500 | ||
|---|---|---|---|
| 001 | bg | ||
| 100 | 1 | _aWIERUSZEWSKA-ADAMCZYK, Maria | |
| 245 | 0 |
_aSpołeczność wiejska zaborowa w procesie przemian / _cMaria Wieruszewska-Adamczyk. |
|
| 260 |
_aWarszawa, _c1980. |
||
| 040 | _cBPK | ||
| 041 | _apol | ||
| 942 | _cKS | ||
| 008 | s pl f |000 0 pol | ||
| 999 |
_c19480 _d19480 |
||
| 856 |
_uhttp://koha.tu.koszalin.pl/cgi-bin/koha/opac-detail.pl?biblionumber=19480 _yKatalog online BPK |
||